1357 1172 1059 1922 1918 1604 1594 1668 1984 1268 1888 1063 1086 1116 1765 1254 1324 1471 1413 1272 1628 1976 1856 1920 1142 1628 1271 1211 1961 1006 1181 1847 1688 1889 1709 1430 1038 1559 1048 1735 1666 1222 1054 1295 1761 1739 1563 1447 1902 1352 1497 1948 1188 1430 1986 1429 1527 1589 1084 1595 1186 1787 1919 1000 1569 1431 1134 1602 1885 1560 1195 1521 1639 1303 1994 1569 1232 1929 1589 1973 1280 1224 1782 1737 1857 1536 1285 1776 1165 1648 1978 1337 1572 1362 1193 1318 1738 1889 1368 BCNSPRNW ULIB Ver.6.0+V

เปลี่ยนเป็นภาษาไทย

Change to English
 แสดงรายละเอียดบรรณานุกรม
  กลับหน้าหลัก

Brief Record : Get Marc (ISO 2709) : E-mail record : QR code < ปิดหน้าต่าง
LEADER : 00000nam 2200000uu 4500
001    13399107669
003     ULIB
008    110114s2552th 000 0 tha d
020    9749049802
020    9789749049808
040    brv
060 04 QS604^bจ285ต 2552
245 00 ตำราวิทยาเอมบริย์โอ :^bสำหรับนักศึกษาแพทย์ /^cจันทิมารุ่งเรืองชัย ... [และคนอื่นๆ] ; บรรณาธิการ, จันทิมา รุ่งเรืองชัย
250    พิมพ์ครั้งที่ 4
260    กรุงเทพฯ :^bภาควิชากายวิภาคศาสตร์คณะแพทยศาสตร์ศิริราชพยาบาล มหาวิทยาลัยมหิดล,^c2552
300    v, 540 หน้า :^bภาพประกอบ ;^c26 ซม.
650  7 เอ็มบริย์โอ, วิทยา
650  7 คัพภวิทยา
700 0  จันทิมา รุ่งเรืองชัย,^eบรรณาธิการ
710 2  มหาวิทยาลัยมหิดล. ^bคณะแพทยศาสตร์ศิริราชพยาบาล.^bภาควิชากายวิภาคศาสตร์
945    ^p550^l0^i028771
945    ^p550^l0^i028772
995    เกษร
999 ^a ใช้งานได้ทุกระบบ
รายการนี้ยังไม่มีแท็ก
คุณยังไม่ได้ล็อกอิน คุณสามารถมีกิจกรรมร่วมกับเว็บไซต์ได้ แต่ต้องล็อกอินก่อน ::
  ล็อกอิน

รายการสื่อสารสนเทศ

ลำดับที่ ประเภท เลขเรียก/บาร์โค้ด สถานที่ สถานะ
- ไม่พบข้อมูล -

รายการใกล้เคียง
    หัวเรื่อง [เอ็มบริย์โอ, วิทยา]
    หัวเรื่อง [คัพภวิทยา]

BibComment


ยังไม่เคยถูกคอมเมนท์

คอมเมนท์ทรัพยากรรายการนี้
  คอมเมนท์: ตำราวิทยาเอมบริย์..


 Copyright 2026. Bcnsprnw @Library